Les cyclistes en 2023 (photo) - Statistiques

Statistiques générales
  • Ce quiz a été pris 105 fois
  • Le résultat moyen est 41 sur 52
Statistiques - réponses
Par images Réponse % Correct
Mathieu van der Poel
100%
Tadej Pogacar
100%
Primoz Roglic
99%
Christophe Laporte
97%
Thibaut Pinot
97%
Egan Bernal
95%
Jasper Philipsen
95%
Jonas Vingegaard
95%
Mark Cavendish
95%
Sepp Kuss
95%
Wout van Aert
95%
Adam Yates
94%
David Gaudu
94%
Romain Bardet
94%
Geraint Thomas
92%
Julian Alaphilippe
92%
Peter Sagan
92%
Biniam Girmay
91%
Tom Pidcock
90%
Simon Yates
87%
Guillaume Martin
86%
Lenny Martinez
86%
Mads Pedersen
86%
Valentin Madouas
86%
Ben O'connor
85%
Mikel Landa
84%
Gulio Ciccone
81%
Jai Hindley
80%
Fabio Jakobsen
78%
Rigoberto Uran
78%
Neilson Powless
77%
Remco Evenepoel
77%
Enric Mas
76%
Dylan van Baarle
75%
Richard Carapaz
75%
Joao Almeida
73%
Alexey Lutsenko
72%
Felix Gall
71%
Matej Mohoric
71%
Michael Woods
70%
Michal Kwiatkowski
67%
Aleksandr Vlasov
65%
Michael Matthews
63%
Arnaud Démare
62%
Carlos Rodriguez
59%
Dylan Groenewegen
58%
Juan Ayuso
58%
Mathias Skjelmose
58%
Damiano Caruso
52%
Maximilian Schachmann
49%
Emmanuel Buchmann
44%
Olav Kooij
39%
Aucun quiz correspondant
Distribution des résultats
% des personnes avec chaque résultat
Percentile par nombre de réponses
Votre historique - résultats
Vous n’avez pas pris ce quiz